000 00342 a2200157 4500
001 187890
020 _a978-85-10-04883-5
040 _cMagnum
100 _aFurtado, Maria Cristina
240 1 0 _aA fábrica mágica
_lpor
245 1 0 _aA fábrica mágica
300 _a39
362 0 _a2010
697 _aLITERATURA INFANTO
942 _cBK
999 _c187890
_d187890